| 000 | 00677nam a22002057a 4500 | ||
|---|---|---|---|
| 003 | OSt | ||
| 005 | 20131128132401.0 | ||
| 008 | 130603s2000 sp ||||| |||| 00| 0 cat d | ||
| 020 | _a8478223118 | ||
| 040 | _cCDMR | ||
| 100 | 1 |
_93624 _aSalvador, Carles |
|
| 245 | 1 | 0 |
_aPapers de premsa _cCarles Salvador ; introducció i edició, Vicent Simbor Roig |
| 260 |
_aValència _bDiputació de València. Institució Alfons el Magnànim _c2000 |
||
| 300 | _a255 p. | ||
| 490 | 0 |
_aBiblioteca d'Autors Valencians _v44 |
|
| 600 | 1 |
_93624 _aSalvador, Carles _vRecull d'escrits |
|
| 650 | 0 | 4 |
_93311 _aPremsa _zComunitat Valenciana |
| 700 | 1 |
_93632 _aSimbor Roig, Vicent _eed. |
|
| 942 |
_2udc _cMON |
||
| 999 |
_c6386 _d6386 |
||